[Event "Hradec Kralove op 8th"]
[Site "Hradec Kralove"]
[Date "2017.10.06"]
[Round "7"]
[White "Michel, Ladislav"]
[Black "Mechlinski, Jakub"]
[Result "0-1"]
[WhiteElo "1803"]
[BlackElo "1878"]
[PlyCount "56"]
[EventDate "2017.10.01"]
[EventType "swiss"]
[EventRounds "9"]
[EventCountry "CZE"]
[SourceTitle "CBM 181 Extra"]
[Source "ChessBase"]
[SourceDate "2017.12.12"]
[SourceVersion "1"]
[SourceVersionDate "2017.12.12"]
[SourceQuality "1"]

1. d4 d5 2. Bf4 Nf6 3. e3 e6 4. Nf3 c5 5. c3 Nc6 6. Nbd2 Bd6 7. Bg5 0-0 8. Bd3 b6 9. e4 cxd4 10. exd5 exd5 11. Nxd4 Nxd4 12. cxd4 Re8+ 13. Kf1 h6 14. Bh4 Bf4 15. Bb5 Bd7 16. Bxd7 Qxd7 17. Bxf6 gxf6 18. Nb3 Qb5+ 19. Kg1 Re2 20. g3 Bd6 21. Qc1 Kg7 22. Kg2 Rae8 23. Rd1 h5 24. Qc3 Bb4 25. Qc1 Re1 26. a3 Qf1+ 27. Kf3 Qh1+ 28. Kf4 Qe4# 0-1

[Event "EU-ch U12 26th"]
[Site "Prague"]
[Date "2016.08.26"]
[Round "8"]
[White "Mechlinski, Jakub"]
[Black "Slivka, David"]
[Result "1-0"]
[WhiteElo "1753"]
[BlackElo "1524"]
[PlyCount "55"]
[EventDate "2016.08.18"]
[EventType "swiss"]
[EventRounds "9"]
[EventCountry "CZE"]
[SourceTitle "CBM 174 Extra"]
[Source "ChessBase"]
[SourceDate "2016.10.10"]
[SourceVersion "1"]
[SourceVersionDate "2016.10.10"]
[SourceQuality "1"]

1. f4 d5 2. Nf3 c5 3. e3 Nc6 4. b3 Nf6 5. Be2 Bf5 6. Bb2 e6 7. 0-0 Be7 8. d3 0-0 9. h3 Bg6 10. Kh1 Qb6 11. Ne5 Nxe5 12. Bxe5 Nd7 13. Bc3 d4 14. Bb2 dxe3 15. Qc1 Nf6 16. Qxe3 Nd5 17. Qf2 Rac8 18. Na3 Qb4 19. Nc4 Bf6 20. a3 Qb5 21. Bxf6 Nxf6 22. Nd6 Qc6 23. Nxc8 Rxc8 24. Bf3 Qc7 25. g3 b6 26. Rae1 Nd5 27. Bxd5 exd5 28. f5 1-0

[Event "EU-ch U12 26th"]
[Site "Prague"]
[Date "2016.08.22"]
[Round "5"]
[White "Baum, Jonasz"]
[Black "Mechlinski, Jakub"]
[Result "1-0"]
[WhiteElo "1842"]
[BlackElo "1753"]
[PlyCount "109"]
[EventDate "2016.08.18"]
[EventType "swiss"]
[EventRounds "9"]
[EventCountry "CZE"]
[SourceTitle "CBM 174 Extra"]
[Source "ChessBase"]
[SourceDate "2016.10.10"]
[SourceVersion "1"]
[SourceVersionDate "2016.10.10"]
[SourceQuality "1"]

1. e4 e5 2. Nf3 Nf6 3. d4 Nxe4 4. Bd3 d5 5. dxe5 Be6 6. Bxe4 dxe4 7. Qxd8+ Kxd8 8. Ng5 Nc6 9. Nxe6+ fxe6 10. Bg5+ Be7 11. Bxe7+ Kxe7 12. Nc3 Nxe5 13. Nxe4 Nc4 14. 0-0-0 Nd6 15. Nc5 b6 16. Nd3 Kf6 17. f4 h5 18. Rhe1 Rae8 19. Ne5 Rhg8 20. Rd3 g5 21. Rf3 g4 22. Ra3 a5 23. c4 Nb7 24. Nc6 Nd6 25. c5 Nf5 26. Ne5 Rd8 27. cxb6 cxb6 28. Rb3 Rd6 29. Rxb6 Rc8+ 30. Kb1 Rxb6 31. Nd7+ Ke7 32. Nxb6 Rc5 33. Na4 Rd5 34. Kc1 Nh4 35. Nc3 Rd4 36. Re2 Kf7 37. g3 Nf3 38. Ne4 Nxh2 39. Ng5+ Kg6 40. Rxh2 Rd3 41. Nxe6 Rxg3 42. Nd4 Rd3 43. Ne2 Rh3 44. Rxh3 gxh3 45. Ng3 h4 46. Nf1 Kf5 47. a4 Kxf4 48. b4 Kf3 49. bxa5 Kg2 50. a6 Kxf1 51. a7 h2 52. a8Q Kg1 53. Qg8+ Kf2 54. Qd5 h3 55. Qh1 1-0

[Event "EU-ch U10 25th"]
[Site "Porec"]
[Date "2015.09.28"]
[Round "7"]
[White "Mochalin, Faddey"]
[Black "Mechlinski, Jakub"]
[Result "1/2-1/2"]
[WhiteElo "1917"]
[BlackElo "1603"]
[PlyCount "99"]
[EventDate "2015.09.21"]
[EventType "swiss"]
[EventRounds "9"]
[EventCountry "CRO"]
[SourceTitle "EXT 2016"]
[Source "ChessBase"]
[SourceDate "2015.10.08"]
[SourceVersion "1"]
[SourceVersionDate "2015.10.08"]
[SourceQuality "1"]

1. d4 d5 2. c4 e6 3. cxd5 exd5 4. Nc3 Nf6 5. Bg5 Be7 6. e3 c6 7. Bd3 0-0 8. Qc2 Nbd7 9. Nge2 Re8 10. f3 h6 11. Bh4 Nf8 12. Bf2 Bd6 13. 0-0 Bd7 14. Kh1 Qc7 15. Bg1 Be6 16. e4 dxe4 17. fxe4 Be7 18. Nf4 Rac8 19. Rac1 Qa5 20. a3 Red8 21. b4 Qc7 22. e5 Ne8 23. Qf2 Bg5 24. h4 Bxf4 25. Qxf4 Qe7 26. Be3 Ng6 27. Bxg6 fxg6 28. Qg3 Kh7 29. Rf2 Nc7 30. Rcf1 Rf8 31. Ne4 Rxf2 32. Rxf2 Nd5 33. Bd2 Rf8 34. Nd6 b6 35. Kg1 Rxf2 36. Qxf2 Kg8 37. g3 Nf6 38. exf6 Qxd6 39. fxg7 Kxg7 40. Bf4 Qe7 41. Be5+ Kh7 42. Bf6 Qd7 43. Qf4 Bg8 44. h5 Bd5 45. Qb8 gxh5 46. Qh8+ Kg6 47. Be5 Qf7 48. Qd8 Bc4 49. Qd6+ Qe6 50. Qc7 1/2-1/2

[Event "EU-ch U10 25th"]
[Site "Porec"]
[Date "2015.09.27"]
[Round "6"]
[White "Mechlinski, Jakub"]
[Black "Dardha, Daniel"]
[Result "1-0"]
[WhiteElo "1603"]
[BlackElo "2106"]
[PlyCount "137"]
[EventDate "2015.09.21"]
[EventType "swiss"]
[EventRounds "9"]
[EventCountry "CRO"]
[SourceTitle "EXT 2016"]
[Source "ChessBase"]
[SourceDate "2015.10.08"]
[SourceVersion "1"]
[SourceVersionDate "2015.10.08"]
[SourceQuality "1"]

1. e4 c5 2. Nf3 Nc6 3. Bb5 d6 4. 0-0 g6 5. c3 a6 6. Bxc6+ bxc6 7. d4 cxd4 8. Qxd4 Nf6 9. e5 dxe5 10. Qxd8+ Kxd8 11. Nxe5 Ke8 12. Nxc6 Bb7 13. Nd4 Bg7 14. Na3 Rc8 15. Rd1 e6 16. Bf4 Nd5 17. Bg3 h5 18. h3 h4 19. Bh2 Rh5 20. Nac2 Be5 21. Bxe5 Rxe5 22. Re1 Rg5 23. Nf3 Rh5 24. Re5 Rxe5 25. Nxe5 Nf4 26. Ne3 Rc5 27. N5c4 Ke7 28. f3 Rg5 29. Kf2 e5 30. Rd1 e4 31. Nd2 exf3 32. Nxf3 Rh5 33. Rd4 Ne6 34. Rd2 Nc5 35. Rd1 Ne4+ 36. Kg1 Ra5 37. a3 g5 38. Nc4 Rc5 39. Nce5 Rc7 40. Rd4 f6 41. Rc4 Rxc4 42. Nxc4 Ke6 43. Ncd2 Nxd2 44. Nxd2 Ke5 45. Kf2 Kf4 46. c4 f5 47. b4 Ke5 48. b5 Kd4 49. bxa6 Bxa6 50. Nf3+ Kxc4 51. Nxg5 Kb3 52. Nf3 Kxa3 53. Nxh4 Kb4 54. Kf3 Kc5 55. Kf4 Bd3 56. Nxf5 Kd5 57. Kg5 Ke6 58. g4 Kf7 59. h4 Be2 60. h5 Kg8 61. Kg6 Kh8 62. g5 Bg4 63. h6 Be2 64. Kf6 Bc4 65. g6 Bg8 66. Nd6 Bb3 67. Nf7+ Bxf7 68. gxf7 Kh7 69. f8R 1-0

[Event "POL-ch U10"]
[Site "Jastrzebia Gora"]
[Date "2014.??.??"]
[Round "9"]
[White "Mechlinski, Jakub"]
[Black "Baum, Jonasz"]
[Result "0-1"]
[WhiteElo "1378"]
[BlackElo "1633"]
[PlyCount "150"]
[EventDate "2014.03.??"]
[EventType "tourn"]
[EventRounds "9"]
[EventCountry "POL"]
[SourceTitle "EXT 2016"]
[Source "ChessBase"]
[SourceDate "2015.10.08"]
[SourceVersion "1"]
[SourceVersionDate "2015.10.08"]
[SourceQuality "1"]

1. e4 e5 2. Nf3 Nc6 3. Bb5 a6 4. Ba4 Nf6 5. 0-0 Be7 6. Re1 b5 7. Bb3 0-0 8. a4 Bb7 9. d3 d6 10. c3 Qd7 11. Be3 Ng4 12. Nbd2 Nxe3 13. fxe3 Kh8 14. d4 Qg4 15. Bc2 Bh4 16. Nxh4 Qxh4 17. Rf1 Qh6 18. Qe2 Rae8 19. axb5 axb5 20. Rf3 Rb8 21. Rh3 Qg6 22. Rg3 Qf6 23. b3 Bc8 24. d5 Nd8 25. Bd3 Bd7 26. Ra7 Nb7 27. Bxb5 Bxb5 28. Qxb5 Nc5 29. Qc4 Ra8 30. Rxa8 Rxa8 31. Rf3 Ra1+ 32. Rf1 Rxf1+ 33. Nxf1 Qd8 34. b4 Nd7 35. Qa6 Qb8 36. Nd2 g6 37. Qa5 Kg7 38. Kf2 Qd8 39. Qb5 Nf6 40. Qe2 Qd7 41. h3 h5 42. Nb1 Qa4 43. Qd3 Qa2+ 44. Nd2 Nxe4+ 45. Ke1 Qa1+ 46. Nb1 Nxc3 47. Qxc3 Qxb1+ 48. Kf2 Qf5+ 49. Kg1 Qc8 50. b5 Qb7 51. Qc4 Qb6 52. Kf2 Qa5 53. Qd3 f5 54. Kg3 Qe1+ 55. Kh2 Qc1 56. Qb3 Qc5 57. Qd3 Kh6 58. Qb3 Kg5 59. Qd3 h4 60. g3 Qb4 61. Qe2 hxg3+ 62. Kxg3 Qc5 63. Qd3 Kf6 64. Qb3 Qc1 65. Kh2 Qd2+ 66. Kg1 Qe1+ 67. Kg2 Qe2+ 68. Kg1 Kg5 69. b6 cxb6 70. Qxb6 Kh4 71. Qd8+ Kxh3 72. Qh8+ Kg3 73. Qh4+ Kxh4 74. e4 Kg3 75. exf5 Qe1# 0-1

[Event "POL-ch U10"]
[Site "Jastrzebia Gora"]
[Date "2014.??.??"]
[Round "3"]
[White "Mechlinski, Jakub"]
[Black "Suder, Jakub"]
[Result "1/2-1/2"]
[WhiteElo "1378"]
[BlackElo "1555"]
[PlyCount "151"]
[EventDate "2014.03.??"]
[EventType "tourn"]
[EventRounds "9"]
[EventCountry "POL"]
[SourceTitle "EXT 2016"]
[Source "ChessBase"]
[SourceDate "2015.10.08"]
[SourceVersion "1"]
[SourceVersionDate "2015.10.08"]
[SourceQuality "1"]

1. e4 c6 2. d4 d5 3. Nc3 dxe4 4. Nxe4 Nf6 5. Nxf6+ gxf6 6. Bf4 Bf5 7. c3 e6 8. Nf3 Bd6 9. Bg3 Qc7 10. Bd3 Bxd3 11. Qxd3 Nd7 12. 0-0-0 0-0-0 13. Nd2 Bf4 14. Kb1 f5 15. Qf3 Bxg3 16. hxg3 Nf6 17. b3 Ng4 18. Nc4 Rdg8 19. Ne3 Nxe3 20. Qxe3 h5 21. Qf3 Rg4 22. Rh4 Qd8 23. Rdh1 Qg5 24. Rxg4 Qxg4 25. Rh4 Qg6 26. Kb2 Kd7 27. Qf4 f6 28. c4 Qg5 29. Kc3 Qg6 30. c5 Qe8 31. Rh1 Kc8 32. Re1 Qd7 33. Qh4 Qf7 34. Qf4 Re8 35. a4 Qd7 36. Qh4 Qf7 37. Qf4 Qd7 38. Qh6 Qf7 39. Qf4 Rd8 40. Qe3 Kd7 41. Qf4 Qf8 42. Qh4 Qh6 43. Rh1 Rh8 44. Qf4 Qxf4 45. gxf4 h4 46. Kd2 b6 47. Ke3 bxc5 48. dxc5 e5 49. Rd1+ Kc7 50. Rd6 h3 51. gxh3 Rxh3+ 52. f3 e4 53. Rxf6 Rxf3+ 54. Ke2 Rxf4 55. Rf7+ Kb8 56. Rf8+ Kb7 57. Rf7+ Ka6 58. Rc7 Rf3 59. Rxc6+ Kb7 60. Rf6 f4 61. b4 Rb3 62. Rxf4 Rxb4 63. Ke3 Rxa4 64. Rxe4 Ra3+ 65. Kd4 Kc6 66. Re6+ Kb5 67. Re3 Ra1 68. Rb3+ Kc6 69. Re3 Ra4+ 70. Kc3 Ra3+ 71. Kd4 Ra1 72. Re6+ Kb5 73. Re3 Rc1 74. Rb3+ Kc6 75. Ra3 Kb7 76. Rb3+ 1/2-1/2

[Event "EU-ch U08 23rd"]
[Site "Budva"]
[Date "2013.10.07"]
[Round "8"]
[White "Mechlinski, Jakub"]
[Black "Kirillov, Dmitry"]
[Result "0-1"]
[WhiteElo "1393"]
[BlackElo "1913"]
[PlyCount "106"]
[EventDate "2013.09.29"]
[EventType "swiss"]
[EventRounds "9"]
[EventCountry "MNE"]
[SourceTitle "EXT 2014"]
[Source "ChessBase"]
[SourceDate "2013.11.20"]
[SourceVersion "1"]
[SourceVersionDate "2013.11.20"]
[SourceQuality "1"]

1. e4 e5 2. Nf3 Nc6 3. Bb5 a6 4. Ba4 Nf6 5. 0-0 b5 6. Bb3 Be7 7. Re1 0-0 8. c3 d5 9. exd5 Nxd5 10. Nxe5 Nxe5 11. Rxe5 c6 12. d4 Bd6 13. Re1 Qh4 14. g3 Qh3 15. Qf3 Bg4 16. Qg2 Qh5 17. Bxd5 cxd5 18. f4 Rfe8 19. Be3 Bh3 20. Qf2 b4 21. Nd2 bxc3 22. bxc3 Rac8 23. Rec1 Ba3 24. Rc2 Bf5 25. Nf1 Bxc2 26. Qxc2 Qg6 27. f5 Qc6 28. Bd2 Rb8 29. Qd1 Bb2 30. Rb1 Bxc3 31. Rc1 Bxd4+ 32. Kg2 Qb5 33. Bf4 Qe2+ 34. Qxe2 Rxe2+ 35. Kh3 Rbe8 36. a4 Re1 37. Rxe1 Rxe1 38. Nd2 Be3 39. Nf3 Re2 40. Bd6 d4 41. Ne5 f6 42. Nd3 Rd2 43. Ne1 Ra2 44. Bc5 Rxa4 45. Nc2 Rc4 46. Nxe3 Rxc5 47. Nd1 a5 48. Kg4 a4 49. Nb2 a3 50. Nd3 Rc3 51. Nb4 Rb3 52. Nc2 d3 53. Ne3 a2 0-1